000 00247nam a22000977a 4500
008 131202t xxu||||| |||| 00| 0 eng d
100 _qPaul Beringer
_9351
245 _aRemington
_bThe science and practice of Pharmacy
300 _a340
942 _2ddc
_cBK
999 _c16620
_d16620